|
|
|
|
| LEADER |
00998nam a22002892a 4500 |
| 001 |
001643508 |
| 003 |
CZ BrMZK |
| 005 |
20180913121600.0 |
| 007 |
ta |
| 008 |
180823s1962 gw fr|||||||||||ger d |
| 040 |
|
|
|a BOA001
|b cze
|e aacr2
|
| 072 |
|
7 |
|a 510
|x Obecné úvahy o matematice
|2 Konspekt
|9 13
|
| 080 |
|
|
|a 510.5
|2 MRF
|
| 080 |
|
|
|a (048.8)
|2 MRF
|
| 245 |
0 |
0 |
|a Bericht über die algorithmische Sprache Algol 60 :
|b zur Erinnerung an William Turanski von /
|c hrsg. von Peter Naur
|
| 246 |
3 |
0 |
|a Algol 60
|
| 260 |
|
|
|a Berlin :
|b Akademie-Verlag,
|c 1962
|
| 300 |
|
|
|a xi, 49 s.
|
| 490 |
1 |
|
|a Elektronisches Rechnen und Regeln ;
|v Sonderbd. 1
|
| 650 |
0 |
7 |
|a algoritmy
|7 ph114026
|2 czenas
|
| 655 |
|
7 |
|a studie
|7 fd133597
|2 czenas
|
| 700 |
1 |
|
|a Naur, Peter,
|d 1928-2016
|7 mzk20181007344
|4 edt
|
| 830 |
|
0 |
|a Elektronisches Rechnen und Regeln
|
| 910 |
|
|
|a BOA001
|b X-0491.158
|
| 990 |
|
|
|a BK
|
| 991 |
|
|
|b 201808
|
| 996 |
7 |
|
|b 2618948442
|c X-0491.158
|l MZK
|r Sklad / do 24 hodin
|n 0
|w 001679490
|u 000010
|a 1
|e BOA001
|j MZK50
|s A
|